| 000 | 00762nam a2200229 a 4500 | ||
|---|---|---|---|
| 001 | 000023957 | ||
| 005 | 20250603102625.0 | ||
| 008 | 110117s1977 sp ac 000 0 spa d | ||
| 020 | _a8423953203 | ||
| 040 |
_aDO-SdBNP _bspa _cBNPHU |
||
| 082 |
_a927.8 _bW132G, 1977 |
||
| 100 | 1 |
_aGauthier, André, _d1918-2003. _949265 |
|
| 245 | 1 | 0 |
_aWagner / _cAndré Gauthier ; traducción del francés por Felipe Ximénez de Sandoval. |
| 250 | _a2a ed. | ||
| 260 |
_aMadrid, (España) : _bEspasa-Calpe, _c1977. |
||
| 300 |
_a123, [2] p. : _bil., retrs. ; _c18 cm. |
||
| 504 | _aIncluye referencias bibliográficas: | ||
| 600 | 1 | 4 |
_aWAGNER, RICHARD _d1813-1883 _945739 |
| 650 | 0 |
_aMúsicos _945195 |
|
| 700 | 1 |
_aXiménez de Sandoval, Felipe, _etr. _919335 |
|
| 049 | _aBNPHU | ||
| 999 |
_c23453 _d23453 |
||